[Event "WCO2014"]
[Site "Tromso"]
[Date "2014.08.05"]
[Round "4.31"]
[WhiteID "5704723"]
[White "Teh Eu Wen Aron"]
[BlackID "7300662"]
[Black "Cu Hor Winston Darwin"]
[Result "1-0"]
[LiveChessVersion "1.4.3"]
[BlackElo "2259"]
[WhiteElo "2309"]

1. d4 {[%clk 1:30:59]} Nf6 {[%clk 1:30:07]} 2. c4 {[%clk 1:31:23]} g6
{[%clk 1:30:13]} 3. Nc3 {[%clk 1:31:46]} d5 {[%clk 1:29:51]} 4. cxd5
{[%clk 1:32:08]} Nxd5 {[%clk 1:30:13]} 5. e4 {[%clk 1:32:34]} Nxc3
{[%clk 1:29:55]} 6. bxc3 {[%clk 1:33:02]} c5 {[%clk 1:30:15]} 7. Nf3
{[%clk 1:32:16]} Bg7 {[%clk 1:30:36]} 8. Rb1 {[%clk 1:32:36]} O-O
{[%clk 1:30:57]} 9. Be2 {[%clk 1:32:59]} b6 {[%clk 1:26:07]} 10. O-O
{[%clk 1:33:19]} Bb7 {[%clk 1:26:20]} 11. d5 {[%clk 1:33:41]} Bxc3
{[%clk 1:20:37]} 12. Bc4 {[%clk 1:34:05]} Bg7 {[%clk 1:14:55]} 13. Qe2
{[%clk 1:30:35]} Nd7 {[%clk 1:09:37]} 14. e5 {[%clk 1:21:26]} f6 {[%clk 0:59:33]}
15. Bb2 {[%clk 0:37:55]} Kh8 {[%clk 0:41:55]} 16. Rbd1 {[%clk 0:29:57]} Qc7
{[%clk 0:29:52]} 17. e6 {[%clk 0:25:03]} Nb8 {[%clk 0:28:20]} 18. h4
{[%clk 0:23:49]} Rd8 {[%clk 0:24:44]} 19. h5 {[%clk 0:19:25]} b5 {[%clk 0:24:37]}
20. d6 {[%clk 0:16:12]} Rxd6 {[%clk 0:19:55]} 21. Rxd6 {[%clk 0:16:05]} Qxd6
{[%clk 0:17:19]} 22. Rd1 {[%clk 0:15:13]} Qb6 {[%clk 0:17:36]} 23. Bxb5
{[%clk 0:15:11]} Nc6 {[%clk 0:15:07]} 24. Rd7 {[%clk 0:14:11]} Re8
{[%clk 0:14:54]} 25. hxg6 {[%clk 0:10:41]} h6 {[%clk 0:11:46]} 26. Nh4
{[%clk 0:08:32]} a6 {[%clk 0:10:57]} 27. Ba4 {[%clk 0:07:46]} Bc8
{[%clk 0:08:46]} 28. Nf5 {[%clk 0:07:37]} Nd4 {[%clk 0:05:22]} 29. Rxd4
{[%clk 0:07:23]} cxd4 {[%clk 0:05:40]} 30. Bxe8 {[%clk 0:07:23]} d3
{[%clk 0:05:49]} 31. Qxd3 {[%clk 0:06:06]} Bxe6 {[%clk 0:05:47]} 32. Bf7
{[%clk 0:05:11]} Bc8 {[%clk 0:02:57]} 33. Nxe7 {[%clk 0:04:44]} Bb7
{[%clk 0:02:58]} 34. Qd7 {[%clk 0:03:46]} Bf8 {[%clk 0:02:59]} 35. Qe8
{[%clk 0:03:45]} Kg7 {[%clk 0:03:23]} 36. Nf5+ {[%clk 0:04:11]} 1-0

[Event "WCO2014"]
[Site "Tromso"]
[Date "2014.08.05"]
[Round "4.30"]
[WhiteID "7300239"]
[White "Lorenzana Wilson Estuardo"]
[BlackID "5702640"]
[Black "Fong Yit San"]
[Result "1/2-1/2"]
[LiveChessVersion "1.4.3"]
[BlackElo "2143"]
[WhiteElo "2222"]

1. e4 {[%clk 1:30:55]} c5 {[%clk 1:30:54]} 2. Nf3 {[%clk 1:30:58]} d6
{[%clk 1:31:01]} 3. d4 {[%clk 1:31:22]} cxd4 {[%clk 1:31:24]} 4. Nxd4
{[%clk 1:31:48]} Nf6 {[%clk 1:31:46]} 5. Nc3 {[%clk 1:32:14]} a6 {[%clk 1:32:09]}
6. f4 {[%clk 1:32:39]} e5 {[%clk 1:31:07]} 7. Nf3 {[%clk 1:33:01]} Nbd7
{[%clk 1:30:16]} 8. a4 {[%clk 1:32:19]} b6 {[%clk 1:22:46]} 9. Bd3
{[%clk 1:27:36]} Qc7 {[%clk 1:18:14]} 10. O-O {[%clk 1:27:19]} Bb7
{[%clk 1:17:05]} 11. Kh1 {[%clk 1:27:24]} Be7 {[%clk 1:05:41]} 12. Qe1
{[%clk 1:26:05]} O-O {[%clk 0:58:10]} 13. Nh4 {[%clk 1:24:34]} g6
{[%clk 0:54:27]} 14. fxe5 {[%clk 1:24:21]} Nxe5 {[%clk 0:54:06]} 15. Bh6
{[%clk 1:20:47]} Rfe8 {[%clk 0:53:11]} 16. Bg5 {[%clk 1:21:07]} Nxe4
{[%clk 0:31:40]} 17. Bxe7 {[%clk 1:18:30]} Nxc3 {[%clk 0:31:40]} 18. bxc3
{[%clk 1:06:06]} Rxe7 {[%clk 0:29:57]} 19. Qg3 {[%clk 1:06:31]} Kh8
{[%clk 0:28:21]} 20. Qg5 {[%clk 1:05:57]} Nxd3 {[%clk 0:24:52]} 21. cxd3
{[%clk 1:04:52]} Re5 {[%clk 0:22:21]} 22. Qf6+ {[%clk 1:03:09]} Kg8
{[%clk 0:22:45]} 23. c4 {[%clk 0:57:02]} Rae8 {[%clk 0:21:09]} 24. Rab1
{[%clk 0:55:13]} R5e6 {[%clk 0:20:02]} 25. Qf4 {[%clk 0:54:39]} Bc6
{[%clk 0:17:58]} 26. Nf3 {[%clk 0:50:10]} Re2 {[%clk 0:14:26]} 27. Qd4
{[%clk 0:49:30]} Bxf3 {[%clk 0:14:17]} 28. Rxf3 {[%clk 0:49:59]} Qc5
{[%clk 0:10:55]} 29. Qf4 {[%clk 0:48:30]} R8e7 {[%clk 0:09:57]} 30. h3
{[%clk 0:48:32]} Re1+ {[%clk 0:08:59]} 31. Rf1 {[%clk 0:48:56]} Rxf1+
{[%clk 0:08:17]} 32. Rxf1 {[%clk 0:47:34]} Qe5 {[%clk 0:05:27]} 33. Qf2
{[%clk 0:47:25]} b5 {[%clk 0:04:09]} 34. d4 {[%clk 0:43:57]} Qg5 {[%clk 0:03:16]}
35. axb5 {[%clk 0:39:18]} axb5 {[%clk 0:03:44]} 36. cxb5 {[%clk 0:37:41]} Qxb5
{[%clk 0:03:55]} 37. Qf6 {[%clk 0:38:08]} d5 {[%clk 0:02:33]} 38. Rc1
{[%clk 0:38:15]} Qe8 {[%clk 0:02:28]} 39. Kh2 {[%clk 0:29:39]} Qb8+
{[%clk 0:01:54]} 40. Kg1 {[%clk 0:29:10]} Re6 {[%clk 0:02:02]} 41. Qg5
{[%clk 0:29:31]} Qb3 {[%clk 0:00:34]} 42. Kh2 {[%clk 0:28:16]} Kg7
{[%clk 0:30:08]} 43. Rc8 {[%clk 0:55:37]} Qe3 {[%clk 0:27:11]} 44. Qxe3
{[%clk 0:54:36]} Rxe3 {[%clk 0:27:39]} 45. Rd8 {[%clk 0:54:59]} Rd3
{[%clk 0:27:57]} 46. Rxd5 {[%clk 0:55:23]} Kf6 {[%clk 0:28:10]} 47. Kg1
{[%clk 0:51:56]} Ke6 {[%clk 0:27:43]} 48. Rd8 {[%clk 0:52:20]} Rd2
{[%clk 0:27:27]} 49. Kh2 {[%clk 0:52:44]} Kf5 {[%clk 0:26:31]} 50. Rd7
{[%clk 0:52:57]} Ke6 {[%clk 0:26:56]} 51. Rd8 {[%clk 0:53:22]} h5
{[%clk 0:26:09]} 52. h4 {[%clk 0:48:39]} Kf5 {[%clk 0:24:06]} 53. Kh3
{[%clk 0:49:00]} Rd3+ {[%clk 0:23:26]} 54. g3 {[%clk 0:49:19]} Rd2
{[%clk 0:23:45]} 55. Rd7 {[%clk 0:48:26]} Ke6 {[%clk 0:24:05]} 56. Rd8
{[%clk 0:48:50]} Ke7 {[%clk 0:24:24]} 57. Rd5 {[%clk 0:49:15]} f6
{[%clk 0:24:32]} 58. Rb5 {[%clk 0:43:24]} Rxd4 {[%clk 0:24:56]} 59. Kg2
{[%clk 0:42:17]} Ke6 {[%clk 0:25:11]} 60. Kf3 {[%clk 0:42:12]} Rd5
{[%clk 0:24:58]} 61. Rb6+ {[%clk 0:41:32]} Kf5 {[%clk 0:24:33]} 62. Rb3
{[%clk 0:42:00]} g5 {[%clk 0:24:47]} 63. hxg5 {[%clk 0:42:22]} fxg5
{[%clk 0:24:43]} 64. Rb4 {[%clk 0:42:14]} Ra5 {[%clk 0:25:00]} 65. Kg2
{[%clk 0:42:21]} g4 {[%clk 0:25:13]} 66. Rf4+ {[%clk 0:42:08]} Ke5
{[%clk 0:25:22]} 67. Rb4 {[%clk 0:41:58]} Ra2+ {[%clk 0:25:17]} 68. Kg1
{[%clk 0:42:24]} Rd2 {[%clk 0:25:42]} 69. Rf4 {[%clk 0:40:45]} Rd4
{[%clk 0:25:26]} 70. Rf8 {[%clk 0:41:09]} Ke4 {[%clk 0:25:37]} 71. Kg2
{[%clk 0:40:41]} Rd2+ {[%clk 0:25:52]} 72. Kg1 {[%clk 0:41:09]} Ke3
{[%clk 0:25:52]} 73. Rf7 {[%clk 0:40:13]} Ke4 {[%clk 0:25:47]} 74. Rf8
{[%clk 0:40:10]} 1/2-1/2

[Event "WCO2014"]
[Site "Tromso"]
[Date "2014.08.05"]
[Round "4.29"]
[WhiteID "5702615"]
[White "Nayan Ahmad Fadzil"]
[BlackID "7300697"]
[Black "Giron David"]
[Result "0-1"]
[LiveChessVersion "1.4.3"]
[BlackElo "2103"]
[WhiteElo "2121"]

1. d4 {[%clk 1:30:40]} Nf6 {[%clk 1:30:50]} 2. c4 {[%clk 1:30:47]} e6
{[%clk 1:31:11]} 3. g3 {[%clk 1:30:30]} Bb4+ {[%clk 1:30:41]} 4. Bd2
{[%clk 1:30:43]} Qe7 {[%clk 1:31:04]} 5. Bg2 {[%clk 1:29:13]} Nc6 6. Nf3
{[%clk 1:26:46]} Bxd2+ {[%clk 1:29:28]} 7. Nbxd2 {[%clk 1:21:33]} d6
{[%clk 1:29:12]} 8. O-O {[%clk 1:21:23]} O-O {[%clk 1:29:35]} 9. Qc2
{[%clk 1:16:46]} a5 {[%clk 1:25:09]} 10. e4 {[%clk 1:13:24]} e5 {[%clk 1:25:17]}
11. d5 {[%clk 1:13:27]} Nb8 {[%clk 1:21:54]} 12. Ne1 {[%clk 1:10:39]} Na6
{[%clk 1:20:15]} 13. Nd3 {[%clk 1:10:34]} Bd7 {[%clk 1:19:30]} 14. Qc3
{[%clk 1:04:33]} b6 {[%clk 1:05:36]} 15. f4 {[%clk 0:56:24]} Ng4 {[%clk 1:01:14]}
16. Rae1 {[%clk 0:53:02]} f6 {[%clk 0:53:51]} 17. h3 {[%clk 0:46:56]} Nh6
{[%clk 0:54:16]} 18. b3 {[%clk 0:43:50]} Nc5 {[%clk 0:25:34]} 19. a3
{[%clk 0:40:33]} Nxd3 {[%clk 0:16:09]} 20. Qxd3 {[%clk 0:40:56]} Nf7
{[%clk 0:16:30]} 21. Kh2 {[%clk 0:40:25]} Rfb8 {[%clk 0:16:22]} 22. Rc1
{[%clk 0:32:02]} Kh8 {[%clk 0:13:09]} 23. Qe3 {[%clk 0:21:54]} Rg8
{[%clk 0:11:46]} 24. Rc3 {[%clk 0:13:35]} exf4 {[%clk 0:07:09]} 25. gxf4
{[%clk 0:13:55]} g5 {[%clk 0:07:23]} 26. Nf3 {[%clk 0:02:06]} Rae8
{[%clk 0:03:53]} 27. Nd4 {[%clk 0:01:16]} f5 {[%clk 0:02:01]} 28. Re1
{[%clk 0:00:45]} Qf6 {[%clk 0:00:42]} 29. fxg5 {[%clk 0:00:36]} Qe5+
{[%clk 0:00:52]} 30. Kh1 {[%clk 0:00:50]} f4 {[%clk 0:00:58]} 31. Qf2
{[%clk 0:00:52]} Rxg5 {[%clk 0:00:42]} 32. Rc2 {[%clk 0:00:43]} Rh5
{[%clk 0:00:54]} 33. Nf3 {[%clk 0:00:52]} Qg7 {[%clk 0:00:44]} 34. Ng1
{[%clk 0:00:41]} Ng5 {[%clk 0:00:36]} 35. Kh2 {[%clk 0:00:43]} f3
{[%clk 0:00:36]} 36. Bf1 {[%clk 0:00:37]} Rxe4 {[%clk 0:00:33]} 37. Rxe4
{[%clk 0:31:00]} Nxe4 {[%clk 0:31:33]} 38. Qxf3 {[%clk 0:31:07]} 0-1

[Event "WCO2014"]
[Site "Tromso"]
[Date "2014.08.05"]
[Round "4.5"]
[WhiteID "13800574"]
[White "Tologontegin Semetey"]
[BlackID "19600100"]
[Black "Boydia Sidi"]
[Result "1-0"]
[LiveChessVersion "1.4.3"]
[BlackElo "2068"]
[WhiteElo "2354"]

1. Nf3 {[%clk 1:30:53]} Nf6 {[%clk 1:30:55]} 2. c4 {[%clk 1:31:12]} c6
{[%clk 1:31:19]} 3. Nc3 {[%clk 1:31:17]} d5 {[%clk 1:31:28]} 4. e3
{[%clk 1:31:35]} Nbd7 {[%clk 1:31:26]} 5. Qc2 {[%clk 1:30:30]} e6
{[%clk 1:30:13]} 6. b3 {[%clk 1:30:30]} Bd6 {[%clk 1:30:00]} 7. Bb2
{[%clk 1:30:09]} O-O {[%clk 1:29:13]} 8. Be2 {[%clk 1:26:49]} b6 {[%clk 1:26:06]}
9. O-O {[%clk 1:24:07]} Bb7 {[%clk 1:26:04]} 10. d4 {[%clk 1:24:15]} c5
{[%clk 1:15:48]} 11. dxc5 {[%clk 1:20:32]} Nxc5 {[%clk 1:12:35]} 12. Rfd1
{[%clk 1:18:16]} Qe7 {[%clk 1:08:18]} 13. cxd5 {[%clk 1:10:39]} Nxd5
{[%clk 1:06:39]} 14. Nb5 {[%clk 0:50:00]} Bb8 {[%clk 0:57:36]} 15. b4
{[%clk 0:48:46]} Nd7 {[%clk 0:52:39]} 16. a3 {[%clk 0:41:18]} N7f6
{[%clk 0:50:39]} 17. Rac1 {[%clk 0:38:19]} a6 {[%clk 0:39:43]} 18. Nbd4
{[%clk 0:37:12]} Bd6 {[%clk 0:34:49]} 19. e4 {[%clk 0:28:51]} Rac8
{[%clk 0:32:24]} 20. Qb1 {[%clk 0:29:06]} Rxc1 {[%clk 0:32:15]} 21. Rxc1
{[%clk 0:29:16]} Bf4 {[%clk 0:25:31]} 22. Re1 {[%clk 0:09:02]} Nc7
{[%clk 0:21:04]} 23. Bd3 {[%clk 0:09:22]} g6 {[%clk 0:18:52]} 24. Ne2
{[%clk 0:09:18]} Bh6 {[%clk 0:18:20]} 25. Bd4 {[%clk 0:08:02]} Nd7
{[%clk 0:17:04]} 26. Qb2 {[%clk 0:08:26]} f6 {[%clk 0:17:06]} 27. Qb3
{[%clk 0:07:13]} Kh8 {[%clk 0:16:43]} 28. Rd1 {[%clk 0:07:03]} e5
{[%clk 0:13:36]} 29. Bb2 {[%clk 0:07:24]} Rd8 {[%clk 0:13:18]} 30. Nc3
{[%clk 0:06:10]} Nf8 {[%clk 0:13:14]} 31. Na4 {[%clk 0:06:33]} Rd6
{[%clk 0:10:19]} 32. Bb1 {[%clk 0:05:26]} Bc8 {[%clk 0:09:38]} 33. h3
{[%clk 0:05:38]} Be6 {[%clk 0:07:50]} 34. Qc2 {[%clk 0:06:07]} Qd8
{[%clk 0:07:50]} 35. Re1 {[%clk 0:05:44]} Bg7 {[%clk 0:07:35]} 36. Nc3
{[%clk 0:03:16]} b5 {[%clk 0:06:13]} 37. Bc1 {[%clk 0:03:21]} Bc4
{[%clk 0:06:06]} 38. Be3 {[%clk 0:03:32]} Nfe6 {[%clk 0:05:58]} 39. Nd1
{[%clk 0:02:21]} Nd4 {[%clk 0:05:23]} 40. Nxd4 {[%clk 0:01:08]} exd4
{[%clk 0:05:26]} 41. Bf4 {[%clk 0:01:38]} Rc6 {[%clk 0:04:01]} 42. Nb2
{[%clk 0:01:43]} Ne6 {[%clk 0:02:33]} 43. Bc1 {[%clk 0:02:12]} d3
{[%clk 0:02:29]} 44. Nxd3 {[%clk 0:29:07]} Nd4 {[%clk 0:28:39]} 45. Qb2
{[%clk 0:29:18]} f5 {[%clk 0:28:08]} 46. e5 {[%clk 0:28:53]} Bxd3
{[%clk 0:24:14]} 47. Bxd3 {[%clk 0:29:17]} Nf3+ {[%clk 0:24:35]} 48. gxf3
{[%clk 0:29:40]} Qxd3 {[%clk 0:25:02]} 49. Qd2 {[%clk 0:23:00]} Qxd2
{[%clk 0:22:12]} 50. Bxd2 {[%clk 0:19:13]} Kg8 {[%clk 0:22:13]} 51. f4
{[%clk 0:19:34]} Kf7 {[%clk 0:22:33]} 52. Kg2 {[%clk 0:18:45]} Ke6
{[%clk 0:23:01]} 53. Re3 {[%clk 0:15:10]} h6 {[%clk 0:17:10]} 54. Rd3
{[%clk 0:11:08]} Bf8 {[%clk 0:15:29]} 55. Rd8 {[%clk 0:10:56]} Be7
{[%clk 0:15:37]} 56. Rh8 {[%clk 0:10:10]} h5 {[%clk 0:15:39]} 57. Rg8
{[%clk 0:10:11]} Kd5 {[%clk 0:15:06]} 58. Re8 {[%clk 0:10:29]} Re6
{[%clk 0:13:17]} 59. Be3 {[%clk 0:10:12]} Bh4 {[%clk 0:13:23]} 60. Rc8
{[%clk 0:09:46]} Rc6 {[%clk 0:12:59]} 61. Rg8 {[%clk 0:03:06]} Ke4
{[%clk 0:12:11]} 62. Rg7 {[%clk 0:02:56]} Kd5 {[%clk 0:11:01]} 63. Kf3
{[%clk 0:02:16]} Bxf2 {[%clk 0:06:19]} 64. Kxf2 {[%clk 0:02:13]} Ke4
{[%clk 0:06:48]} 65. Rd7 {[%clk 0:02:28]} 1-0

[Event "WCO2014"]
[Site "Tromso"]
[Date "2014.08.05"]
[Round "4.6"]
[WhiteID "19600054"]
[White "Hemam Moulaye Brahim"]
[BlackID "13800337"]
[Black "Abdyjapar Asyl"]
[Result "0-1"]
[LiveChessVersion "1.4.3"]
[BlackElo "2368"]
[WhiteElo "2070"]

1. e4 {[%clk 1:30:57]} c5 {[%clk 1:30:45]} 2. Nf3 {[%clk 1:31:23]} d6
{[%clk 1:31:11]} 3. c3 {[%clk 1:31:40]} Nf6 {[%clk 1:31:35]} 4. Be2
{[%clk 1:32:01]} Nc6 {[%clk 1:31:50]} 5. d3 {[%clk 1:32:17]} g6 {[%clk 1:31:16]}
6. O-O {[%clk 1:32:29]} Bg7 {[%clk 1:31:43]} 7. Bf4 {[%clk 1:29:34]} O-O
{[%clk 1:31:52]} 8. Nbd2 {[%clk 1:21:15]} e5 {[%clk 1:30:38]} 9. Bg5
{[%clk 1:19:58]} Be6 {[%clk 1:29:25]} 10. h3 {[%clk 1:04:41]} d5 {[%clk 1:23:21]}
11. Nxe5 {[%clk 0:40:09]} Nxe5 {[%clk 1:21:01]} 12. f4 {[%clk 0:38:13]} Nxd3
{[%clk 1:07:51]} 13. Bxd3 {[%clk 0:37:11]} c4 {[%clk 1:07:49]} 14. exd5
{[%clk 0:28:24]} Qxd5 {[%clk 1:00:19]} 15. Bxf6 {[%clk 0:26:53]} Bxf6
{[%clk 0:58:46]} 16. Bc2 {[%clk 0:23:08]} Bg7 {[%clk 0:50:58]} 17. Ne4
{[%clk 0:19:45]} Qc6 {[%clk 0:49:34]} 18. Qd6 {[%clk 0:19:16]} Qb5
{[%clk 0:47:03]} 19. Rab1 {[%clk 0:14:34]} Bf5 {[%clk 0:41:39]} 20. a4
{[%clk 0:12:22]} Qa5 {[%clk 0:41:43]} 21. Rfc1 {[%clk 0:10:50]} Rad8
{[%clk 0:38:28]} 22. Qc5 {[%clk 0:09:43]} Qxc5+ {[%clk 0:35:24]} 23. Nxc5
{[%clk 0:10:06]} b6 {[%clk 0:35:15]} 24. Bxf5 {[%clk 0:08:40]} gxf5
{[%clk 0:35:40]} 25. Na6 {[%clk 0:08:46]} Rd2 {[%clk 0:35:34]} 26. Rd1
{[%clk 0:07:09]} Rfd8 {[%clk 0:35:43]} 27. Rxd2 {[%clk 0:07:19]} Rxd2
{[%clk 0:36:06]} 28. Nb4 {[%clk 0:06:42]} Kf8 {[%clk 0:32:51]} 29. Kf1
{[%clk 0:06:55]} Bf6 {[%clk 0:31:33]} 30. g3 {[%clk 0:07:12]} h5 {[%clk 0:28:28]}
31. h4 {[%clk 0:07:30]} a5 {[%clk 0:19:58]} 32. Nc6 {[%clk 0:07:38]} Rd6
{[%clk 0:20:12]} 33. Na7 {[%clk 0:06:56]} Rd3 {[%clk 0:20:19]} 34. Kg2
{[%clk 0:06:30]} Rd2+ {[%clk 0:20:27]} 35. Kf3 {[%clk 0:06:08]} Be7
{[%clk 0:19:55]} 36. Ke3 {[%clk 0:03:58]} Rd3+ {[%clk 0:19:57]} 37. Kf2
{[%clk 0:04:27]} Bc5+ {[%clk 0:20:05]} 38. Kg2 {[%clk 0:04:51]} Rd2+
{[%clk 0:18:51]} 39. Kh3 {[%clk 0:03:45]} f6 {[%clk 0:18:24]} 40. Nb5
{[%clk 0:03:55]} Rd3 {[%clk 0:16:43]} 41. Kg2 {[%clk 0:03:14]} Kf7
{[%clk 0:11:57]} 42. Na7 {[%clk 0:02:41]} Rd2+ {[%clk 0:11:03]} 43. Kh3
{[%clk 0:02:57]} Ke6 {[%clk 0:07:24]} 44. Nb5 {[%clk 0:23:34]} Kd7
{[%clk 0:36:23]} 45. Na7 {[%clk 0:20:42]} Kd6 {[%clk 0:36:03]} 46. Nb5+
{[%clk 0:20:58]} Kc6 {[%clk 0:35:12]} 47. Na7+ {[%clk 0:12:04]} Kd5
{[%clk 0:33:50]} 48. Nb5 {[%clk 0:12:24]} Ke4 {[%clk 0:31:44]} 49. Nc7
{[%clk 0:02:16]} Kd3 {[%clk 0:31:01]} 50. Rf1 {[%clk 0:01:54]} Kc2
{[%clk 0:30:08]} 51. Re1 {[%clk 0:00:52]} Kxb2 {[%clk 0:30:14]} 52. Nb5
{[%clk 0:01:03]} Kb3 {[%clk 0:29:03]} 53. Ra1 {[%clk 0:00:32]} Re2
{[%clk 0:27:01]} 54. Rc1 Kxa4 {[%clk 0:26:40]} 55. Rb1 {[%clk 0:00:36]} Rc2
{[%clk 0:23:25]} 56. Nc7 {[%clk 0:00:37]} Rxc3 {[%clk 0:23:39]} 57. Nd5
{[%clk 0:00:57]} Rd3 {[%clk 0:23:47]} 58. Nxb6+ {[%clk 0:00:38]} Bxb6
{[%clk 0:23:52]} 59. Rxb6 {[%clk 0:00:35]} c3 {[%clk 0:24:12]} 60. Rc6
{[%clk 0:00:39]} Kb3 {[%clk 0:23:56]} 0-1

[Event "WCO2014"]
[Site "Tromso"]
[Date "2014.08.05"]
[Round "4.7"]
[WhiteID "13800272"]
[White "Takyrbashev B."]
[BlackID "19600038"]
[Black "Taleb Mohamed Ahmed"]
[Result "1-0"]
[LiveChessVersion "1.4.3"]
[BlackElo "2024"]
[WhiteElo "2229"]

1. d4 {[%clk 1:30:57]} Nf6 {[%clk 1:30:54]} 2. c4 {[%clk 1:31:23]} c5
{[%clk 1:31:03]} 3. d5 {[%clk 1:31:46]} b5 {[%clk 1:31:22]} 4. cxb5
{[%clk 1:32:11]} a6 {[%clk 1:31:43]} 5. e3 {[%clk 1:26:36]} g6 {[%clk 1:30:01]}
6. Nc3 {[%clk 1:26:10]} Bg7 {[%clk 1:27:48]} 7. d6 {[%clk 1:22:45]} O-O
{[%clk 1:26:46]} 8. Nf3 {[%clk 1:14:18]} Bb7 {[%clk 1:21:33]} 9. bxa6
{[%clk 1:05:07]} Nxa6 {[%clk 1:19:15]} 10. Bc4 {[%clk 1:05:10]} Nb4
{[%clk 1:09:10]} 11. a3 {[%clk 0:54:11]} exd6 {[%clk 1:07:38]} 12. Rb1
{[%clk 0:51:49]} d5 {[%clk 0:54:38]} 13. Bb3 {[%clk 0:48:30]} d4 {[%clk 0:50:43]}
14. exd4 {[%clk 0:42:26]} Re8+ {[%clk 0:42:37]} 15. Be3 {[%clk 0:41:09]} Bxf3
{[%clk 0:42:22]} 16. gxf3 {[%clk 0:37:59]} cxd4 {[%clk 0:40:45]} 17. Qxd4
{[%clk 0:38:13]} Nfd5 {[%clk 0:40:40]} 18. Qd2 {[%clk 0:36:56]} Nxe3
{[%clk 0:38:04]} 19. fxe3 {[%clk 0:34:59]} Qh4+ {[%clk 0:37:33]} 20. Kd1
{[%clk 0:29:49]} Nc6 {[%clk 0:35:51]} 21. Re1 {[%clk 0:27:33]} Ne5
{[%clk 0:32:37]} 22. Bd5 {[%clk 0:26:25]} Rac8 {[%clk 0:31:31]} 23. Rc1
{[%clk 0:20:04]} Nc4 {[%clk 0:27:17]} 24. Bxc4 {[%clk 0:20:12]} Qxc4
{[%clk 0:27:03]} 25. Nd5 {[%clk 0:18:26]} Qa4+ {[%clk 0:22:29]} 26. Ke2
{[%clk 0:18:20]} Rb8 {[%clk 0:22:23]} 27. Nb4 {[%clk 0:16:16]} Bh6
{[%clk 0:21:23]} 28. Rc3 {[%clk 0:16:34]} Re5 {[%clk 0:18:17]} 29. Kf2
{[%clk 0:08:45]} Rbe8 {[%clk 0:18:05]} 30. Qd4 {[%clk 0:07:02]} Qb5
{[%clk 0:14:50]} 31. Re2 {[%clk 0:05:34]} Rh5 {[%clk 0:12:55]} 32. Qd3
{[%clk 0:04:15]} Qg5 {[%clk 0:10:53]} 33. Kf1 {[%clk 0:03:09]} Rh3
{[%clk 0:10:00]} 34. e4 {[%clk 0:02:48]} d6 {[%clk 0:01:22]} 35. Nd5
{[%clk 0:03:03]} Qe5 {[%clk 0:01:20]} 36. Qc2 {[%clk 0:02:32]} Bg7
{[%clk 0:01:24]} 37. Rd3 {[%clk 0:01:43]} Qh5 {[%clk 0:01:19]} 38. Rf2
{[%clk 0:01:40]} Kf8 {[%clk 0:01:15]} 39. Nf4 {[%clk 0:01:33]} Qh4
{[%clk 0:01:14]} 40. Nxh3 {[%clk 0:01:55]} Qxh3+ {[%clk 0:01:19]} 41. Rg2
{[%clk 0:01:07]} Rc8 {[%clk 0:01:30]} 42. Qe2 {[%clk 0:26:34]} Be5
{[%clk 0:28:38]} 43. Kg1 {[%clk 0:23:16]} Rb8 {[%clk 0:27:46]} 44. b4
{[%clk 0:22:35]} Rc8 {[%clk 0:27:52]} 45. Qd1 {[%clk 0:21:04]} Qh4
{[%clk 0:21:55]} 46. Kh1 {[%clk 0:19:15]} Bf4 {[%clk 0:19:42]} 47. Rc2
{[%clk 0:17:11]} Kg7 {[%clk 0:20:07]} 48. Qe2 {[%clk 0:16:34]} Bxh2
{[%clk 0:14:55]} 49. Qxh2 {[%clk 0:12:22]} Qe1+ {[%clk 0:14:43]} 50. Qg1
{[%clk 0:12:47]} Qxg1+ {[%clk 0:12:59]} 51. Kxg1 {[%clk 0:13:13]} Rxc2
{[%clk 0:13:28]} 52. Rb3 {[%clk 0:12:43]} Kf6 {[%clk 0:10:55]} 53. b5
{[%clk 0:11:51]} d5 {[%clk 0:08:08]} 54. b6 {[%clk 0:10:04]} Rc8 {[%clk 0:06:55]}
55. b7 {[%clk 0:09:17]} Rb8 {[%clk 0:07:22]} 56. a4 {[%clk 0:09:44]} dxe4
{[%clk 0:06:56]} 57. a5 {[%clk 0:09:44]} e3 {[%clk 0:06:36]} 58. a6
{[%clk 0:10:03]} e2 {[%clk 0:06:00]} 59. Re3 {[%clk 0:10:00]} 1-0

[Event "WCO2014"]
[Site "Tromso"]
[Date "2014.08.05"]
[Round "4.8"]
[WhiteID "19600097"]
[White "Sabar Ethmane Daouda"]
[BlackID "13800027"]
[Black "Mamatov Melis"]
[Result "1/2-1/2"]
[LiveChessVersion "1.4.3"]
[BlackElo "2106"]
[WhiteElo "2002"]

1. d4 {[%clk 1:30:56]} e6 {[%clk 1:30:41]} 2. Nf3 {[%clk 1:31:04]} f5
{[%clk 1:31:02]} 3. g3 {[%clk 1:30:32]} b6 {[%clk 1:31:27]} 4. Bg2
{[%clk 1:30:57]} Bb7 {[%clk 1:31:55]} 5. O-O {[%clk 1:31:18]} Nf6
{[%clk 1:31:59]} 6. c4 {[%clk 1:31:30]} Qc8 {[%clk 1:31:34]} 7. Nc3
{[%clk 1:31:00]} Ne4 {[%clk 1:31:42]} 8. d5 {[%clk 1:20:49]} Nxc3
{[%clk 1:31:36]} 9. bxc3 {[%clk 1:21:08]} Bd6 {[%clk 1:29:21]} 10. e4
{[%clk 1:12:48]} O-O {[%clk 1:26:26]} 11. e5 {[%clk 1:07:49]} Bc5
{[%clk 1:25:55]} 12. Re1 {[%clk 0:58:15]} Re8 {[%clk 1:24:04]} 13. Nd4
{[%clk 0:52:24]} Bf8 {[%clk 1:08:14]} 14. Rb1 {[%clk 0:39:57]} Na6
{[%clk 1:03:08]} 15. Nb3 {[%clk 0:29:38]} Rb8 {[%clk 1:01:08]} 16. Bf4
{[%clk 0:29:05]} Nc5 {[%clk 0:56:34]} 17. Nxc5 {[%clk 0:29:11]} Bxc5
{[%clk 0:56:55]} 18. h4 {[%clk 0:20:02]} Rf8 {[%clk 0:53:55]} 19. Rb2
{[%clk 0:15:39]} Ba8 {[%clk 0:53:36]} 20. a4 {[%clk 0:13:52]} a5 {[%clk 0:52:40]}
21. Rd2 {[%clk 0:13:37]} Qa6 {[%clk 0:50:16]} 22. Bf1 {[%clk 0:13:07]} Rbe8
{[%clk 0:49:48]} 23. Qh5 {[%clk 0:09:59]} Qc8 {[%clk 0:47:53]} 24. Qd1
{[%clk 0:07:40]} Qb7 {[%clk 0:45:12]} 25. Kh2 {[%clk 0:06:39]} Rf7
{[%clk 0:35:47]} 26. Bh3 {[%clk 0:05:59]} Qc8 {[%clk 0:35:14]} 27. Bg2
{[%clk 0:05:47]} Ref8 {[%clk 0:34:32]} 28. Qe2 {[%clk 0:05:13]} Bb7
{[%clk 0:32:53]} 29. Red1 {[%clk 0:04:08]} h6 {[%clk 0:30:16]} 30. Kg1
{[%clk 0:03:01]} Ba8 {[%clk 0:29:24]} 31. Qh5 {[%clk 0:02:52]} Re7
{[%clk 0:13:35]} 32. Qg6 {[%clk 0:02:14]} Qe8 {[%clk 0:13:27]} 33. Qxe8
{[%clk 0:02:18]} Rfxe8 {[%clk 0:12:33]} 34. Kf1 {[%clk 0:01:26]} Kh7
{[%clk 0:10:46]} 35. Kg1 {[%clk 0:01:22]} Kg6 {[%clk 0:09:51]} 36. dxe6
{[%clk 0:01:19]} dxe6 {[%clk 0:10:10]} 37. Bxa8 {[%clk 0:01:40]} Rxa8
{[%clk 0:10:09]} 38. Rd8 {[%clk 0:01:52]} Rxd8 {[%clk 0:08:22]} 39. Rxd8
{[%clk 0:02:20]} Kf7 {[%clk 0:06:28]} 40. Kf1 {[%clk 0:02:43]} Re8
{[%clk 0:06:40]} 41. Rd7+ {[%clk 0:02:53]} Re7 {[%clk 0:06:42]} 42. Rd8
{[%clk 0:03:12]} Re8 {[%clk 0:02:57]} 43. Rd7+ {[%clk 0:03:34]} Re7
{[%clk 0:01:40]} 44. Rd8 {[%clk 0:03:50]} 1/2-1/2